MANABAR ADI KATHA (Record no. 1223)
[ view plain ]
| 000 -LEADER | |
|---|---|
| fixed length control field | 00336cam a2200157ua 4500 |
| 008 - FIXED-LENGTH DATA ELEMENTS--GENERAL INFORMATION | |
| fixed length control field | 121109n II |||gr||||Z||||||asm |
| 040 ## - CATALOGING SOURCE | |
| Original cataloging agency | MAIN |
| 041 ## - LANGUAGE CODE | |
| -- | English |
| 082 ## - DEWEY DECIMAL CLASSIFICATION NUMBER | |
| Classification number | 900 DAS |
| 100 ## - MAIN ENTRY--PERSONAL NAME | |
| Personal name | DAS, BHUBAN MOHAN. |
| 245 ## - TITLE STATEMENT | |
| Title | MANABAR ADI KATHA |
| 300 ## - PHYSICAL DESCRIPTION | |
| Dimensions | 20CM. |
| 942 ## - ADDED ENTRY ELEMENTS (KOHA) | |
| Koha item type | Books |
| 653 ## - INDEX TERM--UNCONTROLLED | |
| Uncontrolled term | History & geography |
| Withdrawn status | Lost status | Damaged status | Not for loan | Collection code | Home library | Current library | Shelving location | Date acquired | Full call number | Barcode | Date last seen | Copy number | Price effective from | Koha item type | Public note |
|---|---|---|---|---|---|---|---|---|---|---|---|---|---|---|---|
| REFASM | Central Library and Information Centre Sibsagar Girls College | Central Library and Information Centre Sibsagar Girls College | ASSAMESE OLD REFERENCE | 07.04.1968 | 900 DAS | 01379 | 27.02.2020 | 1 | 27.02.2020 | Books | V | ||||
| TBHIS | Central Library and Information Centre Sibsagar Girls College | Central Library and Information Centre Sibsagar Girls College | History Rack | 07.04.1968 | 900 DAS | 01380 | 27.02.2020 | 2 | 27.02.2020 | Books |